[Event "Semi-Rapides (ch)"]
[Site "Gatineau"]
[Date "????.??.??"]
[Round "6"]
[White "AKRIB Fouad"]
[Black "DANILOV Alex"]
[Result "1-0"]
[BlackElo "1674"]
[BlackFideId "31972"]
[WhiteElo "1500"]
[WhiteFideId "104211"]

{ Alex aurait dû la gagner mais un coup peut changer le sort d'une partie. }
1.e4 c5 2.Nf3 e6 3.d4 cxd4 4.Nxd4 Nc6 5.Nc3 Qc7 6.Be3 a6 7.Be2 $2 Nf6 8.Qd2
Bb4 9.f3 b5 10.Nb3 O-O 11.a3 Be7 12.O-O-O Ne5 13.Bf4 d6 14.h4 $6 Bb7 15.h5
Rfd8 16.g4 Nc4 17.Qe1 Rac8 18.Bxc4 bxc4 19.Nd2 e5 $1 20.Be3 d5 21.exd5 Nxd5
22.Nxd5 Bxd5 23.c3 Qa5 $1 24.Qg3 Bxa3 $1 25.Ne4 Bxb2+ 26.Kxb2 Rb8+ 27.Kc1
Qa3+ 28.Kd2 Bxe4+ 29.Ke2 Bd3+ 30.Kf2 Rb2+ 31.Rd2 Qxc3 32.Rd1 a5 33.h6 g6 $2
34.Qh4 $1 Rd6 35.Qe7 { Commentaires des Fouad Akrib } 1-0

[Event "Semi-Rapides (ch)"]
[Site "Gatineau"]
[Date "????.??.??"]
[Round "6"]
[White "BELLEMARE Régis"]
[Black "DANIS Jacques"]
[Result "0-1"]
[BlackElo "1641"]
[BlackFideId "13083"]
[WhiteElo "1648"]
[WhiteFideId "90516"]

1.e4 c5 2.Nc3 Nc6 3.g3 g6 4.f4 Bg7 5.Bg2 d6 6.d3 Nf6 7.Nf3 Bg4 8.h3 Bxf3
9.Bxf3 a6 10.f5 Qc7 11.Bf4 O-O-O 12.Qd2 Ne5 13.Bg2 h6 14.Bxe5 dxe5 15.fxg6
fxg6 16.Nd5 Nxd5 17.exd5 Qd6 18.c4 Rhf8 19.Be4 Rf6 20.Rb1 Rdf8 21.b4 b6 22.a4
Kc7 23.a5 Rb8 24.axb6+ Rxb6 25.b5 g5 26.Qa5 Kd7 27.Ke2 Qc7 28.bxa6 Rxb1
29.Rxb1 Qxa5 30.Rb7+ Kc8 31.Bf3 Qxa6 32.Rxe7 Rxf3 33.Rxg7 Rf8 34.Ke3 Qa1
0-1

[Event "Semi-Rapides (ch)"]
[Site "Gatineau"]
[Date "????.??.??"]
[Round "6"]
[White "BROUSSEAU Yvan"]
[Black "PEPIN Christian"]
[Result "1-0"]
[BlackElo "1814"]
[BlackFideId "47834"]
[WhiteElo "1706"]
[WhiteFideId "53065"]

1.b3 d5 2.Bb2 Bf5 3.f4 e6 4.Nf3 Nf6 5.e3 Be7 6.d3 c5 7.Nbd2 Nc6 8.Ne5 Qc7
9.Ndf3 Bd6 10.Qd2 O-O-O 11.O-O-O Ng4 12.Nxg4 Bxg4 13.Bxg7 Rhg8 14.Bf6 Rd7
15.Be2 d4 16.g3 Nb4 17.exd4 Rg6 18.Be5 Qa5 19.a4 b5 20.c3 Nd5 21.c4 Nc3
22.Kc2 cxd4 23.Bxd4 b4 24.Rde1 Bc5 25.Bxc5 Rxd3 26.Qxd3 Bf5
{ Les Blancs gagnèrent plusieurs coups plus tard. } 1-0

[Event "Semi-Rapides (ch)"]
[Site "Gatineau"]
[Date "????.??.??"]
[Round "4"]
[White "Champetier, Serge"]
[Black "PEPIN Christian"]
[Result "0-1"]
[BlackElo "1814"]
[BlackFideId "47834"]
[WhiteElo "1826"]
[WhiteFideId "63180"]

1.e4 e6 2.d4 d5 3.Nc3 c5 4.exd5 exd5 5.dxc5 d4 6.Ne4 Bxc5 7.Nxc5 Qa5+ 8.Bd2
Qxc5 9.Bd3 Nf6 10.Nf3 O-O 11.O-O Bg4 12.h3 Bh5 13.b4 Qd5 14.Re1 Nbd7 15.g4
Bg6 16.Bf4 h5 17.g5 Ne4 18.Nh4 Nxg5 19.Nxg6 fxg6 20.Qe2 Nxh3+ 21.Kh2 Nxf4
22.Bc4 Nxe2 23.Bxd5+ Kh7 24.Rxe2 Nf6 25.Bc4 a5 26.b5 Rac8 27.Bd3 Rc5 28.Re6
{ et les Noirs gagnèrent. } 0-1

[Event "Semi-Rapides (ch)"]
[Site "Gatineau"]
[Date "????.??.??"]
[Round "6"]
[White "Champetier, Serge"]
[Black "JOBIN Gilles G."]
[Result "1-0"]
[BlackElo "1650"]
[BlackFideId "24862"]
[WhiteElo "1826"]
[WhiteFideId "63180"]

1.e4 d6 2.d4 Nf6 3.Nc3 e5 4.Nf3 Bg4 5.dxe5 Bxf3 6.Qxf3 dxe5 7.Bg5 Bb4 8.a3
Bxc3+ 9.Qxc3 Qe7 10.Qe3 h6 11.Bh4 Nbd7 12.O-O-O O-O 13.f3 Qe6 14.Kb1 Nb6
15.g4 a5 16.Bg3 Rfd8 17.Bd3 Rd7 18.h4 Nh7
{ et les Blancs gagnèrent plusieurs coups plus tard. } 1-0

[Event "Semi-Rapides (ch)"]
[Site "Gatineau"]
[Date "????.??.??"]
[Round "4"]
[White "Cohen, David"]
[Black "AKRIB Fouad"]
[Result "1-0"]
[BlackElo "1500"]
[BlackFideId "104211"]
[WhiteElo "1790"]
[WhiteFideId "49882"]

1.e4 e5 2.Nf3 d5 3.d3 dxe4 4.Nxe5 Bc5 5.Be3 Bxe3 6.fxe3 Qe7 7.d4 Nf6 8.Nc3
O-O 9.Qd2 Nc6 10.Nxc6 bxc6 11.h3 Rb8 12.Bc4 Qb4 13.Bb3 Ba6 14.g4 h6 15.O-O-O
c5 16.dxc5 Qxc5 17.Qd4 Qxd4 18.Rxd4 Rfd8 19.Rhd1 Rxd4 20.Rxd4 c5 21.Ra4 Bf1
22.Rxa7 Bxh3 23.Bxf7+ Kh7 24.Be6 Bxg4 25.Bxg4 Nxg4 26.Nxe4 Re8 27.Nxc5 Nxe3
28.Kd2 Nc4+ 29.Kc3 Ne3 30.b4 h5 31.Nd7 Kg6 32.b5 Re7 33.Nf8+ Kf7 34.Rxe7+
Kxe7 35.Ng6+ Kd6 36.a4 Kc5 37.Kd3 Nf5 38.Ke4 Nd6+ 39.Kf4 Nxb5 40.axb5 Kxb5
41.Ke3 Kc4 42.Kd2 Kd4 43.c3+ Kc4 44.Kc2 Kb5 45.Kd3 Kc5 46.c4 Kd6 47.Kd4 Kc6
48.c5 Kd7 49.Kd5 Kc7 50.c6 Kc8 51.Ke4 Kc7 52.Ne5 g5 53.Kf5 g4 54.Kf4 Kc8
55.Ke4 Kc7 56.Kd5 g3 57.Nf3 g2 58.Ng1 h4 59.Nh3 Kc8 60.Kd6 Kd8 61.c7+ Kc8
62.Ng1 1-0

[Event "Semi-Rapides (ch)"]
[Site "Gatineau"]
[Date "????.??.??"]
[Round "4"]
[White "DANILOV Alex"]
[Black "GUIMOND Michel"]
[Result "0-1"]
[BlackElo "1750"]
[BlackFideId "26673"]
[WhiteElo "1674"]
[WhiteFideId "31972"]

1.c4 g6 2.g3 Bg7 3.Bg2 d6 4.Nc3 e5 5.e4 Nc6 6.Nge2 Be6 7.d3 Qd7 8.O-O Bh3
9.f4 h5 10.f5 Bxg2 11.Kxg2 h4 12.Nd5 hxg3 13.Nxg3 O-O-O 14.Be3 Nd4 15.Bxd4
exd4 16.b4 g5 17.Qg4 c6 18.Nh5 Be5 19.Qxg5 cxd5 20.cxd5 f6 21.Qc1+ Kb8 22.Nf4
Qg7+ 23.Kh1 Qg3 24.Qd2 Ne7 25.Rf2 Rdg8 26.Raf1 Rh4 27.b5 Rgh8 28.Rb1 Rxh2+
29.Rxh2 Qf3+ 30.Qg2 Rxh2+ 31.Kxh2 Bxf4+ { et les Noirs gagnèrent. } 0-1

[Event "Semi-Rapides (ch)"]
[Site "Gatineau"]
[Date "????.??.??"]
[Round "5"]
[White "DANIS Jacques"]
[Black "BROUSSEAU Yvan"]
[Result "0-1"]
[BlackElo "1706"]
[BlackFideId "53065"]
[WhiteElo "1641"]
[WhiteFideId "13083"]

1.d4 d5 2.Bg5 Nc6 3.e3 h6 4.Bh4 Nf6 5.Nf3 Bf5 6.c3 e6 7.Bd3 Bxd3 8.Qxd3 Bd6
9.Nbd2 Qe7 10.e4 dxe4 11.Nxe4 O-O-O 12.Nxd6+ Rxd6 13.Bg3 Rd7 14.Qe2 Nh5
15.O-O-O Nxg3 16.hxg3 Rd5 17.Kb1 Qf6 18.Rhe1 Rhd8 19.Nd2 a6 20.Kc1 Ra5 21.a3
Qg5 22.Qe3 Qd5 23.Qe4 Qa2 24.Qb1 Qxb1+ 25.Kxb1 Rf5 26.Nf3 Na5 27.Kc2 Nc4
28.g4 Rf4 29.Ne5 Rxf2+ 30.Kb3 Nxe5 31.Rxe5 Rxg2 32.Re4 Rf2 33.Rg1 Rd5 34.c4
Rg5 35.Rge1 c6 36.a4 Kd7 37.R1e3 a5 38.Kc3 Rg2 39.b4 R2xg4 40.bxa5 Rxe4
41.Rxe4 Rxa5 42.Kb4 Rf5 43.c5 g5 44.a5 Rf4 45.Rxf4 gxf4 0-1

[Event "Semi-Rapides (ch)"]
[Site "Gatineau"]
[Date "????.??.??"]
[Round "6"]
[White "GUIMOND Michel"]
[Black "GAGNON Fabien"]
[Result "1-0"]
[BlackElo "1775"]
[BlackFideId "30374"]
[WhiteElo "1750"]
[WhiteFideId "26673"]

1.e4 c5 2.Nf3 d6 3.d4 cxd4 4.Nxd4 Nf6 5.Nc3 a6 6.Bc4 e6 7.a4 Be7 8.Bb3 O-O
9.O-O Qc7 10.f4 Nc6 11.Be3 Bd7 12.f5 Nxd4 13.Bxd4 exf5 14.Kh1 Nxe4 15.Nd5 Qd8
16.Bb6 Qe8 17.Nc7 Qc8 18.Nxa8 Qxa8 19.Bd5 Be6 20.c4 Qc8 21.Ra3 Bf6 22.Bxe4
fxe4 23.Rxf6 gxf6 24.Rg3+ Kh8 25.Bd4 Qd8 26.Qf1 1-0

[Event "Semi-Rapides (ch)"]
[Site "Gatineau"]
[Date "????.??.??"]
[Round "5"]
[White "JOBIN Gilles G."]
[Black "RAYMOND Daniel"]
[Result "1-0"]
[BlackElo "1636"]
[BlackFideId "78557"]
[WhiteElo "1650"]
[WhiteFideId "24862"]

1.d4 d5 2.Nf3 Nf6 3.e3 e6 4.Bd3 Bd6 5.Nbd2 Nbd7 6.b3 e5 7.dxe5 Nxe5 8.Nxe5
Bxe5 9.Rb1 O-O 10.h3 b6 11.Nf3 Bd6 12.Bb2 c5 13.O-O Re8 14.Bb5 Rf8 15.Bc6 Rb8
16.Bxf6 Qxf6 17.Bxd5 Bb7 18.Bxb7 Rxb7 19.Qe2 Rd7 20.Rfd1 Rfd8 21.Rd3 Bb8
22.Rxd7 Rxd7 23.Rd1 Qd8 24.Rxd7 Qxd7 25.Qd3 Qd6 26.Qxd6 Bxd6 27.c4
{ et les Blancs gagnèrent plusieurs coups plus tard. } 1-0

[Event "Semi-Rapides (ch)"]
[Site "Gatineau"]
[Date "????.??.??"]
[Round "4"]
[White "LAVERGNE Daniel"]
[Black "JOBIN Gilles G."]
[Result "0-1"]
[BlackElo "1650"]
[BlackFideId "24862"]
[WhiteElo "1586"]
[WhiteFideId "41523"]

1.d4 d6 2.c4 e5 3.d5 f5 4.Nc3 Nf6 5.Bg5 Be7 6.Qc2 O-O 7.O-O-O Ng4 ( 7...Nxd5
$1 ) 8.Bxe7 Qxe7 9.e3 Na6 10.Nh3 Nb4 11.Qb1 Bd7 12.a3 Na6 13.Bd3 Nc5 14.Bc2
a5 15.Rhe1 a4 16.f3 Nh6 17.f4 e4 18.Ng5 Nf7 19.Nxf7 Qxf7 20.g4 fxg4 21.Nxe4
Nxe4 22.Bxe4 g6 23.Bg2 Ra6 24.Rf1 b5 25.Qd3 Rb8 26.e4 bxc4 27.Qc3 Rb3 28.Qxc4
Bb5 29.Qd4 Bxf1 30.Rxf1 Qg7 31.e5 dxe5 32.fxe5 Qh6+ 33.Kb1 Rab6
{ Les Noirs gagnèrent plusieurs coups plus tard. } 0-1

[Event "Semi-Rapides (ch)"]
[Site "Gatineau"]
[Date "????.??.??"]
[Round "5"]
[White "LAVERGNE Daniel"]
[Black "AKRIB Fouad"]
[Result "0-1"]
[BlackElo "1500"]
[BlackFideId "104211"]
[WhiteElo "1586"]
[WhiteFideId "41523"]

1.d4 Nf6 2.c4 e5 3.dxe5 Ng4 4.Nf3 Bc5 5.e3 Nc6 6.Be2 O-O 7.O-O Ngxe5 8.a3 a5
9.Nc3 d6 10.Nd5 Bf5 11.Nd4 Qd7 12.Nxf5 Qxf5 13.Rb1 Qxb1 14.f4 Ng6 15.Bd3 Qa1
16.Qh5 f5 17.Bd2 Qxb2 18.Bc3 Bxe3+ 19.Kh1 Qxa3 { et les Noirs gagnèrent. }
0-1

[Event "Semi-Rapides (ch)"]
[Site "Gatineau"]
[Date "????.??.??"]
[Round "4"]
[White "LEON Carlos Antonio"]
[Black "BELLEMARE Régis"]
[Result "1-0"]
[BlackElo "1648"]
[BlackFideId "90516"]
[WhiteElo "1628"]
[WhiteFideId "22498"]

1.c4 Nf6 2.g3 g6 3.Bg2 Bg7 4.Nc3 O-O 5.Nf3 Nc6 6.d4 d5 7.cxd5 Nxd5 8.O-O Bg4
9.Qb3 Nxc3 10.bxc3 Rb8 11.e4 Na5 12.Qa4 c6 13.Bf4 b5 14.Qb4 Rc8 15.Ne5 Bxe5
16.Bxe5 Nc4 17.Bf4 a5 18.Qc5 f5 19.e5 e6 20.Rfe1 g5 21.Bc1 f4 22.Bf1 fxg3
23.hxg3 Nb6 24.f4 gxf4 25.Bxf4 Nd5 26.Bd2 Rf3 27.Kg2
{ et les Blancs gagnèrent plusieurs coups plus tard. } 1-0

[Event "Semi-Rapides (ch)"]
[Site "Gatineau"]
[Date "????.??.??"]
[Round "6"]
[White "POIRIER Damien"]
[Black "RAYMOND Robert"]
[Result "0-1"]
[BlackElo "1071"]
[BlackFideId "45843"]
[WhiteElo "991"]
[WhiteFideId "104193"]

1.e4 e5 2.Nf3 Nc6 3.b3 Nf6 4.Bb2 d6 5.d4 Nxe4 6.Qe2 Nf6 7.d5 Nb8 8.Qb5+ c6
9.dxc6 bxc6 10.Qe2 Be7 11.Ba3 O-O 12.Qd3 Qa5+ 13.Nc3 Qxa3 14.Be2 Ba6 15.Qf5
Bxe2 16.Ng5 Bg4 17.Qd3 h6 18.Nge4 Nxe4 19.Qxe4 Be6 20.O-O f5 21.Qf3 Bf6
22.Ne2 e4 23.Qf4 Bxa1 24.Rxa1 Qb2 { Et les Noirs gagnèrent. } 0-1

[Event "Semi-Rapides (ch)"]
[Site "Gatineau"]
[Date "????.??.??"]
[Round "4"]
[White "RAYMOND Daniel"]
[Black "DANIS Jacques"]
[Result "1/2-1/2"]
[BlackElo "1641"]
[BlackFideId "13083"]
[WhiteElo "1636"]
[WhiteFideId "78557"]

1.e4 c5 2.Nf3 Nc6 3.d4 cxd4 4.Nxd4 Nf6 5.Nc3 d6 6.Bg5 e6 7.Be2 Be7 8.O-O a6
9.a4 Qa5 10.Be3 Nxd4 11.Qxd4 e5 12.Qd1 Bd7 13.f4 Bc6 14.Bf3 Rc8 15.Bd2 Qc7
16.Nd5 Bxd5 17.exd5 O-O 18.fxe5 dxe5 19.c3 Nxd5 20.Bxd5 Qc5+ 21.Kh1 Qxd5
22.Qe2 f6 23.Rfd1 Qc6 24.Qg4 f5 25.Qe2 Bf6 26.Be1 Rfd8 $2 27.a5 Re8 28.Bf2 e4
29.Bd4 Bxd4 30.Rxd4 Red8 31.Rad1 Rxd4 32.Rxd4 Qc5 33.h3 Qxa5 34.Qd2 Qc7
35.Rd7 Qc6 36.Qd4 Qf6 37.Qd5+
{ et la partie s'est terminée par la nulle plusieurs coups plus tard. }
1/2-1/2

[Event "Semi-Rapides (ch)"]
[Site "Gatineau"]
[Date "????.??.??"]
[Round "6"]
[White "RAYMOND Daniel"]
[Black "Cohen, David"]
[Result "0-1"]
[BlackElo "1790"]
[BlackFideId "49882"]
[WhiteElo "1636"]
[WhiteFideId "78557"]

1.e4 c5 2.Nf3 d6 3.d4 cxd4 4.Nxd4 Nf6 5.Nc3 Nc6 6.Be2 e6 7.Be3 a6 8.O-O Be7
9.f4 Qc7 10.Bf3 Bd7 11.Qd2 Rc8 12.Rac1 b5 13.Nce2 Na5 14.b3 O-O 15.Ng3 Nc6
16.f5 e5 17.Nxc6 Bxc6 18.c4 Rfd8 19.Qf2 Qb7 20.Rfe1 bxc4 21.Rxc4 Bb5 22.Rcc1
Rc6 23.Rxc6 Bxc6 24.Bd2 Rc8 25.Nh5 Nxh5 26.Bxh5 Bxe4 27.Bg4 Rc2 28.Qe3 d5
29.Qg3 Rxd2 30.Bf3 Bc5+ 31.Kh1 Bxf3 32.Qxf3 e4 33.Qc3 Bb4 34.Qe5 h6 35.h3
Rxa2 36.Rc1 Qd7 37.Qb8+ Kh7 38.Qxb4 Qxf5 39.Qd4 Qf2 40.Qxf2 Rxf2 41.Kg1 Rf6
42.Rd1 Rd6 43.Kf2 Kg6 44.Ke3 Kf6 45.Kd4 Ke6 46.Rc1 f5 47.Rc8 g5 48.Rh8 Kd7
49.Rh7+ Kc6 50.g3 Re6 51.Rf7 e3 52.Ra7 e2 0-1

[Event "Semi-Rapides (ch)"]
[Site "Gatineau"]
[Date "????.??.??"]
[Round "4"]
[White "SCANTLAND Patrick"]
[Black "SEGUIN Hubert"]
[Result "1-0"]
[BlackElo "1560"]
[BlackFideId "47507"]
[WhiteElo "1628"]
[WhiteFideId "35550"]

1.d4 d5 2.Nf3 Nf6 3.c4 c6 4.Nc3 Bf5 5.cxd5 cxd5 6.Qb3 b6 7.Bg5 e6 8.e3 Be7
9.Bb5+ Nbd7 10.Ne5 O-O 11.O-O Nxe5 12.dxe5 Nd7 13.Bxe7 Qxe7 14.f4 Rac8
15.Bxd7 Qxd7 16.Nb5 Bc2 17.Qb4 Bd3 $2 ( 17...a5 $1 ) 18.Nd6 Rc4 19.Nxc4 Bxf1
20.Nd6 Bd3 21.Qc3 Be4 22.Rd1 f6 { et les Blancs gagnèrent. } 1-0

[Event "Semi-Rapides (ch)"]
[Site "Gatineau"]
[Date "????.??.??"]
[Round "5"]
[White "SCANTLAND Patrick"]
[Black "Cohen, David"]
[Result "1-0"]
[BlackElo "1790"]
[BlackFideId "49882"]
[WhiteElo "1628"]
[WhiteFideId "35550"]

1.d4 d5 2.Nf3 Nf6 3.c4 e6 4.Nc3 Be7 5.Qc2 c6 6.Bf4 Nbd7 7.cxd5 exd5 8.e3 O-O
9.Bd3 h6 10.O-O Re8 11.Nb5 Nc5 12.Nc7 Nxd3 13.Qxd3 Bg4 14.Nxe8 Qxe8 15.Ne5
Bh5 16.f3 Nd7 17.e4 Nxe5 18.Bxe5 Bg6 19.Qe3 Rd8 20.f4 Bxe4 21.f5 f6 22.Bf4
Qh5 23.a3 Bd6 24.Bxd6 Rxd6 25.Qg3 Rd8 26.Rae1 Re8 27.Rf4 Kh7 28.Rh4 Qf7
29.Qf4 Re7 30.g4 b6 31.g5 fxg5 32.Qxg5 Re8 33.Rf1 Rf8 34.f6 gxf6 35.Rxh6#
1-0

[Event "Semi-Rapides (ch)"]
[Site "Gatineau"]
[Date "????.??.??"]
[Round "6"]
[White "SEGUIN Hubert"]
[Black "LAVERGNE Daniel"]
[Result "1-0"]
[BlackElo "1586"]
[BlackFideId "41523"]
[WhiteElo "1560"]
[WhiteFideId "47507"]

1.e4 c5 2.Nc3 Nc6 3.g3 g6 4.Bg2 Bg7 5.d3 d6 6.f4 e6 7.Nge2 Nge7 8.O-O O-O
9.Be3 a6 10.d4 cxd4 11.Nxd4 Qc7 12.Qd2 b5 13.Rad1 Rd8 14.a3 Bb7 15.f5 Bxd4
16.Bxd4 Nxd4 17.f6 e5 18.Qh6 Ne6 19.Bh3 Qc5+ 20.Kh1 Nf5 21.Bxf5 gxf5 22.Rxf5
Qxc3 23.Rg5+ Nxg5 24.Qg7# 1-0

[Event "Semi-Rapides (ch)"]
[Site "Gatineau"]
[Date "????.??.??"]
[Round "5"]
[White "SEGUIN Hubert"]
[Black "BERTHIAUME Serge"]
[Result "0-1"]
[BlackElo "1318"]
[BlackFideId "100091"]
[WhiteElo "1560"]
[WhiteFideId "47507"]

1.e4 g6 2.d4 Bg7 3.Nf3 c5 4.Be3 Nc6 5.c3 Nf6 6.d5 Ng4 7.dxc6 Nxe3 8.cxd7+
Bxd7 9.fxe3 O-O 10.Be2 Qc7 11.O-O Rad8 12.Qc2 c4 13.Nbd2 b5 14.a4 Qc5 15.Kf2
Bh6 16.Kg1 Qxe3+ 17.Kh1 Qxe2 18.Rae1 Qd3 19.Qxd3 cxd3 20.axb5 Bxb5 21.g4 Rd7
22.Nd4 Bxd2 23.Rd1 Bxc3 24.bxc3 Bc4 25.Ra1 Rc8 26.Rf2 a6 27.g5 Rc5 28.h4 e5
29.Nf3 Bb5 30.Rc1 a5 31.Nd2 Ba4 32.c4 Bc2 33.Rf6 Ra7 34.Rb6 a4 35.Rb4 a3
36.Ra1 { et les Noirs gagnèrent. } 0-1

[Event "Semi-Rapides (ch)"]
[Site "Gatineau"]
[Date "????.??.??"]
[Round "4"]
[White "TRAVERSY Pierre"]
[Black "POIRIER Damien"]
[Result "1-0"]
[BlackElo "991"]
[BlackFideId "104193"]
[WhiteElo "1284"]
[WhiteFideId "103317"]

1.e4 e5 2.Nc3 Nf6 3.Nf3 d6 4.d4 Nc6 5.Bb5 Bd7 6.dxe5 Ng4 7.exd6 cxd6 8.Bf4
Qb6 9.O-O Qc5 10.a4 Be7 11.Nd5 Bd8 12.h3 Nf6 13.Be3 Qxe3 14.fxe3 Nxe4 15.Qe1
O-O 16.c3 Re8 17.Bd3 Nc5 18.Bc2 g6 19.Nd4 Nxd4 20.cxd4 Bc6 21.dxc5 dxc5
22.Nf6+ Bxf6 23.Rxf6 Bxg2 24.Kxg2 Re5 25.Qf2 Rae8 26.e4 Rg5+ 27.Kf1 c4 28.h4
Rg4 29.Rxf7 Rf8 30.Rxf8+ Kg7 31.Qf7+ 1-0